000 00987cam a22003137a 4500
003 CHAP
005 20220817042711.0
008 971013s1973 r 00010 d
010 _a52734
011 _a53706
035 _a57856
040 _cCHAP
082 _a506.58
_bW67 1973-74
245 1 4 _aThe world of learning, 1973-74
250 _a24 ed.
260 _aLondon :
_bEuropa Publications,
_c1973
300 _a2 v.
590 _aBATCH-UPD
_b10
_c20130110
_lUCH01
_h1427
590 _aBATCH-UPD
_b10
_c20130410
_lUCH01
_h0906
590 _aBATCH-UPD
_b10
_c20130914
_lUCH01
_h1245
590 _aCONVERSION
_b10
_c20130109
_lUCH01
_h1328
650 1 4 _aEducación superior.
650 1 4 _aInstituciones científicas.
_958974
650 1 4 _aInstituciones y sociedades doctas.
_958982
901 _aBK
942 _cLIBRO
949 _a506.58 W67 1973-74
_bBC
_cC
_d33724000534350
_eC
_fv.2
_h31524
_i57856
_si
949 _a506.58 W67 1973-74
_bBC
_cC
_d33724000534368
_eC
_fv.1
_h31523
_i57856
_si
999 _c52734
_d52734